Economics: an Introductory Analysis (Record no. 418)

MARC details
005 - DATE AND TIME OF LATEST TRANSACTION
control field 20250311172107.0
082 ## - DEWEY DECIMAL CLASSIFICATION NUMBER
Classification number 330 SAM
100 ## - MAIN ENTRY--PERSONAL NAME
Author name SAMUELSON, P . A.
245 ## - TITLE STATEMENT
Title Economics: an Introductory Analysis
250 ## - EDITION STATEMENT
Edition statement 7th Ed.
260 ## - PUBLICATION, DISTRIBUTION, ETC.
Place of publication, distribution, etc. New York,
Name of publisher, distributor, etc. McGraw Hill Book Company,
Date of publication, distribution, etc. 1967.
300 ## - PHYSICAL DESCRIPTION
Extent xxi, 821p.: ill.; graph, table,
Other physical details index,
Dimensions 23cm.
942 ## - ADDED ENTRY ELEMENTS (KOHA)
Source of classification or shelving scheme Dewey Decimal Classification
Koha item type Books
Holdings
Date last seen Total checkouts Full call number Barcode Cost, replacement price Price effective from Koha item type Lost status Source of classification or shelving scheme Damaged status Not for loan Withdrawn status Home library Current library Shelving location Date acquired Cost, normal purchase price
03/11/2025   330 SAM 0000001676 60000.00 03/11/2025 Books   Dewey Decimal Classification       College of Business Education Main Library College of Business Education Main Library General Collection 03/11/2025 20000.00
03/11/2025   330 SAM 0000001677 60000.00 03/11/2025 Books   Dewey Decimal Classification       College of Business Education Main Library College of Business Education Main Library General Collection 03/11/2025 20000.00
03/11/2025   330 SAM 0000001678 60000.00 03/11/2025 Books   Dewey Decimal Classification       College of Business Education Main Library College of Business Education Main Library General Collection 03/11/2025 20000.00
03/11/2025   330 SAM 0000001679 60000.00 03/11/2025 Books   Dewey Decimal Classification       College of Business Education Main Library College of Business Education Main Library General Collection 03/11/2025 20000.00